Statistics for Monarchs of Egypt

Click here to take the quiz!

General Stats

  • This quiz has been taken 11 times
  • The average score is 5 of 11

Answer Stats

YearsAnswer% Correct
1805-1848Muhammad Ali
83%
1936-1952Farouk I
67%
1917-1936Fuad I
67%
1952-1953Fuad II
67%
1863-1879Isma'il
67%
1848Ibrahim
50%
1848-1854Abbas Helmy I
33%
1892-1914Abbas II Helmy
33%
1914-1917Hussein Kamel
17%
1854-1863Mohamed Sa'id
17%
1879-1892Tewfik
17%

Score Distribution

Percentile by Number Answered

Percent of People with Each Score

Your Score History

You have not taken this quiz